[Event "Asuncion CIT op"]
[Site "Asuncion"]
[Date "2023.08.18"]
[Round "9"]
[White "Centurion, Emilio"]
[Black "Meza Ponce, Jerry"]
[Result "0-1"]
[WhiteElo "1889"]
[BlackElo "2161"]
[PlyCount "124"]
[EventDate "2023.08.12"]
[EventType "swiss"]
[EventRounds "9"]
[EventCountry "PAR"]
[SourceTitle "CBM 215 Extra"]
[Source "ChessBase"]
[SourceDate "2023.09.30"]
[SourceVersion "1"]
[SourceVersionDate "2023.09.30"]
[SourceQuality "1"]

1. e4 c5 2. Nf3 g6 3. d4 Bg7 4. dxc5 Nf6 5. e5 Ng4 6. Qd5 Nc6 7. Bf4 d6 8. cxd6 Qb6 9. dxe7 Qxf2+ 10. Kd1 Qxc2+ 11. Kxc2 Nb4+ 12. Kb3 Nxd5 13. Bb5+ Kxe7 14. Bg5+ f6 15. exf6+ Bxf6 16. Re1+ Kd6 17. Na3 h6 18. Bxf6 Ngxf6 19. Ne5 Be6 20. Bc4 a6 21. Bxd5 Bxd5+ 22. Nac4+ Kc5 23. Kc3 Bxc4 24. b4+ Kb6 25. Kxc4 Rhd8 26. Rad1 g5 27. Rxd8 Rxd8 28. Nf7 Rc8+ 29. Kb3 Nd5 30. Re6+ Ka7 31. Rxh6 Rc3+ 32. Kb2 Rd3 33. g4 Rd4 34. h3 Rxb4+ 35. Kc1 Ra4 36. Nxg5 Rxa2 37. Rd6 Nf4 38. Rf6 Nd3+ 39. Kb1 Rb2+ 40. Ka1 Rh2 41. Rf3 Nf2 42. Re3 a5 43. Ne6 b5 44. Nf4 b4 45. Re2 Rh1+ 46. Ka2 Nd1 47. Kb3 Nc3 48. Re5 Kb6 49. Kc4 Rc1 50. Re6+ Kb7 51. Nd3 Rh1 52. Rh6 Ne4 53. h4 Rh3 54. g5 Nd2+ 55. Kd4 Rxh4+ 56. Ke3 Nc4+ 57. Kf3 Rd4 58. Nc5+ Ka7 59. g6 Ne5+ 60. Ke3 Rg4 61. Rh7+ Kb6 62. g7 Kxc5 0-1

[Event "Asuncion CIT op"]
[Site "Asuncion"]
[Date "2023.08.17"]
[Round "8"]
[White "Meza Ponce, Jerry"]
[Black "Barrios Chamorro, Jesus Adrian"]
[Result "1-0"]
[WhiteElo "2161"]
[BlackElo "1585"]
[PlyCount "59"]
[EventDate "2023.08.12"]
[EventType "swiss"]
[EventRounds "9"]
[EventCountry "PAR"]
[SourceTitle "CBM 215 Extra"]
[Source "ChessBase"]
[SourceDate "2023.09.30"]
[SourceVersion "1"]
[SourceVersionDate "2023.09.30"]
[SourceQuality "1"]

1. Nf3 d5 2. g3 Nf6 3. Bg2 c6 4. 0-0 Bg4 5. c4 Bxf3 6. Bxf3 e6 7. b3 g6 8. d4 Nbd7 9. Qd3 Bg7 10. Ba3 Bf8 11. cxd5 Bxa3 12. Nxa3 exd5 13. b4 a6 14. Nc2 0-0 15. Rfc1 b5 16. Ne1 Qb6 17. Rc3 a5 18. Nc2 a4 19. e4 dxe4 20. Bxe4 Nxe4 21. Qxe4 Rac8 22. Ne3 Rfe8 23. Qh4 Qd8 24. Qxd8 Rexd8 25. Rac1 Nb6 26. Rxc6 Nc4 27. d5 Rxc6 28. dxc6 Rd6 29. Rxc4 bxc4 30. b5 1-0

[Event "Asuncion CIT op"]
[Site "Asuncion"]
[Date "2023.08.16"]
[Round "7"]
[White "Meza Ponce, Jerry"]
[Black "Franco Franchi, Renato"]
[Result "1-0"]
[WhiteElo "2161"]
[BlackElo "1513"]
[PlyCount "67"]
[EventDate "2023.08.12"]
[EventType "swiss"]
[EventRounds "9"]
[EventCountry "PAR"]
[SourceTitle "CBM 215 Extra"]
[Source "ChessBase"]
[SourceDate "2023.09.30"]
[SourceVersion "1"]
[SourceVersionDate "2023.09.30"]
[SourceQuality "1"]

1. d4 Nf6 2. c4 d6 3. Nc3 Nbd7 4. e4 g6 5. Nf3 Bg7 6. Be2 0-0 7. 0-0 e5 8. Be3 Ng4 9. Bg5 f6 10. Bc1 f5 11. h3 fxe4 12. Ng5 exd4 13. Ncxe4 Nge5 14. Ne6 Qh4 15. Nxf8 Qxe4 16. Nxd7 Bxd7 17. f3 Qh4 18. f4 Bxh3 19. Qe1 Qxe1 20. Rxe1 Bf5 21. fxe5 d3 22. Bf3 Bxe5 23. Be4 Bxe4 24. Rxe4 c5 25. Be3 Re8 26. g3 Rf8 27. Kg2 Bxb2 28. Rd1 Be5 29. Bxc5 Bxg3 30. Kxg3 dxc5 31. Rxd3 Rf7 32. Rde3 Rc7 33. Re7 Rc6 34. Rxb7 1-0

[Event "Asuncion CIT op"]
[Site "Asuncion"]
[Date "2023.08.13"]
[Round "2"]
[White "Munoz Orozco, Sashir Nicolas"]
[Black "Meza Ponce, Jerry"]
[Result "0-1"]
[WhiteElo "1664"]
[BlackElo "2161"]
[PlyCount "94"]
[EventDate "2023.08.12"]
[EventType "swiss"]
[EventRounds "9"]
[EventCountry "PAR"]
[SourceTitle "CBM 215 Extra"]
[Source "ChessBase"]
[SourceDate "2023.09.30"]
[SourceVersion "1"]
[SourceVersionDate "2023.09.30"]
[SourceQuality "1"]

1. Nf3 g6 2. g3 Bg7 3. Bg2 c5 4. 0-0 Nc6 5. e3 Nf6 6. d4 d5 7. Nbd2 cxd4 8. Nxd4 0-0 9. b3 e5 10. Nxc6 bxc6 11. Bb2 Qe7 12. c4 Bb7 13. Qc2 Rfd8 14. Rac1 Rac8 15. cxd5 cxd5 16. Qb1 Rxc1 17. Rxc1 d4 18. exd4 Bxg2 19. Kxg2 Qb7+ 20. Kg1 exd4 21. Qd3 Ng4 22. Nf3 Ne5 23. Nxe5 Bxe5 24. Re1 Bg7 25. Ba3 Bf6 26. h3 h5 27. Re4 Qd5 28. Be7 Re8 29. Bxf6 Rxe4 30. f3 Re6 31. Qxd4 Qb5 32. g4 Qe2 33. Bh4 Qxf3 34. Qd8+ Kh7 35. gxh5 gxh5 36. Qd2 Rg6+ 37. Kh2 Qf1 38. Qf2 Qxf2+ 39. Bxf2 a6 40. a4 Rc6 41. Bd4 Rd6 42. Bc5 Rd3 43. b4 Rb3 44. Kg2 Kg6 45. Kf2 Rxh3 46. b5 axb5 47. axb5 Rb3 0-1

[Event "Anti Cheating Blitz Cup"]
[Site "Chess.com INT"]
[Date "2020.05.20"]
[Round "5"]
[White "Meza Ponce, Jerry"]
[Black "Grimaldi, Angela Flavia"]
[Result "1-0"]
[WhiteElo "2161"]
[BlackElo "2070"]
[PlyCount "59"]
[EventDate "2020.05.20"]
[EventType "swiss (blitz)"]
[EventRounds "11"]
[EventCountry "USA"]
[SourceTitle "CBM 196 Extra"]
[Source "ChessBase"]
[SourceDate "2020.07.31"]
[SourceVersion "1"]
[SourceVersionDate "2020.07.31"]
[SourceQuality "1"]

1. d4 Nf6 2. c4 g6 3. Nc3 Bg7 4. g3 0-0 5. Bg2 d6 6. Nf3 c5 7. 0-0 Nc6 8. Be3 cxd4 9. Nxd4 Bd7 10. Rc1 Rc8 11. Qd2 Ne5 12. b3 b6 13. Nd5 Nxd5 14. cxd5 Ng4 15. Nc6 Bxc6 16. dxc6 Nxe3 17. Qxe3 d5 18. a4 e6 19. b4 Qd6 20. b5 a6 21. Qxb6 axb5 22. axb5 Rb8 23. Qa5 Bd4 24. c7 Rbc8 25. Rc6 Qd7 26. e3 Be5 27. Rfc1 Ra8 28. Qb4 Rfc8 29. b6 Bf6 30. b7 1-0

[Event "Anti Cheating Blitz Cup"]
[Site "Chess.com INT"]
[Date "2020.05.20"]
[Round "8"]
[White "Meza Ponce, Jerry"]
[Black "Jimenez Ruano, Adrian"]
[Result "1-0"]
[WhiteElo "2161"]
[BlackElo "2218"]
[PlyCount "95"]
[EventDate "2020.05.20"]
[EventType "swiss (blitz)"]
[EventRounds "11"]
[EventCountry "USA"]
[SourceTitle "CBM 196 Extra"]
[Source "ChessBase"]
[SourceDate "2020.07.31"]
[SourceVersion "1"]
[SourceVersionDate "2020.07.31"]
[SourceQuality "1"]

1. e4 c5 2. Nf3 d6 3. d3 Nc6 4. g3 h5 5. h4 Bg4 6. Bg2 e5 7. Be3 Nge7 8. Qd2 Qb6 9. c3 0-0-0 10. Na3 d5 11. exd5 Nxd5 12. Nc4 Qc7 13. 0-0 g6 14. a4 Nxe3 15. Qxe3 f6 16. a5 Nb8 17. Nh2 Bh6 18. Qe1 Bf5 19. Be4 Bxe4 20. Qxe4 Qc6 21. a6 Qxe4 22. dxe4 Nxa6 23. Rfd1 Kc7 24. Nf1 Nb8 25. Nfe3 Bxe3 26. Nxe3 Rxd1+ 27. Rxd1 Rd8 28. Nd5+ Kc8 29. Ne7+ Kc7 30. Rxd8 Kxd8 31. Nxg6 Ke8 32. g4 hxg4 33. Kg2 b5 34. Kg3 a5 35. Kxg4 Kf7 36. h5 b4 37. cxb4 cxb4 38. Nh4 a4 39. Nf5 a3 40. h6 Kg6 41. bxa3 bxa3 42. Ne3 a2 43. Nc2 Nc6 44. h7 Kxh7 45. f4 Nd4 46. Na1 Kg6 47. f5+ Kf7 48. Kh5 1-0

[Event "Anti Cheating Blitz Cup"]
[Site "Chess.com INT"]
[Date "2020.05.20"]
[Round "4"]
[White "Ohanyan, Emin"]
[Black "Meza Ponce, Jerry"]
[Result "1-0"]
[WhiteElo "2291"]
[BlackElo "2161"]
[PlyCount "23"]
[EventDate "2020.05.20"]
[EventType "swiss (blitz)"]
[EventRounds "11"]
[EventCountry "USA"]
[SourceTitle "CBM 196 Extra"]
[Source "ChessBase"]
[SourceDate "2020.07.31"]
[SourceVersion "1"]
[SourceVersionDate "2020.07.31"]
[SourceQuality "1"]

1. e4 c5 2. Nf3 g6 3. d4 Bg7 4. Nc3 cxd4 5. Nxd4 Nc6 6. Be3 Nf6 7. Nxc6 bxc6 8. e5 Ng8 9. Bd4 h6 10. Bc4 d5 11. exd6 e5 12. Qf3 1-0

[Event "Anti Cheating Blitz Cup"]
[Site "Chess.com INT"]
[Date "2020.05.20"]
[Round "9"]
[White "Ritviz, Parab"]
[Black "Meza Ponce, Jerry"]
[Result "1-0"]
[WhiteElo "2296"]
[BlackElo "2161"]
[PlyCount "25"]
[EventDate "2020.05.20"]
[EventType "swiss (blitz)"]
[EventRounds "11"]
[EventCountry "USA"]
[SourceTitle "CBM 196 Extra"]
[Source "ChessBase"]
[SourceDate "2020.07.31"]
[SourceVersion "1"]
[SourceVersionDate "2020.07.31"]
[SourceQuality "1"]

1. e4 c5 2. Nc3 g6 3. f4 Bg7 4. Nf3 Nc6 5. Bb5 Nd4 6. 0-0 e6 7. e5 Qb6 8. Nxd4 cxd4 9. Ne4 Ne7 10. Nd6+ Kf8 11. Bd3 Nf5 12. Bxf5 gxf5 13. Qh5 1-0

[Event "Barcelona Sants op 19th"]
[Site "Barcelona"]
[Date "2017.08.19"]
[Round "2"]
[White "Meza Ponce, Jerry"]
[Black "Pogorelov, Ruslan"]
[Result "0-1"]
[WhiteElo "2144"]
[BlackElo "2348"]
[PlyCount "56"]
[EventDate "2017.08.18"]
[EventType "swiss"]
[EventRounds "10"]
[EventCountry "ESP"]
[SourceTitle "CBM 180 Extra"]
[Source "ChessBase"]
[SourceDate "2017.10.06"]
[SourceVersion "1"]
[SourceVersionDate "2017.10.06"]
[SourceQuality "1"]

1. d4 Nf6 2. Bf4 e6 3. e3 b6 4. Nf3 Bb7 5. Be2 Be7 6. h3 0-0 7. 0-0 d6 8. a4 a6 9. Re1 c5 10. c3 Nc6 11. Na3 d5 12. Ne5 Nxe5 13. dxe5 Nd7 14. e4 dxe4 15. Nc4 Qc7 16. Nd6 Bxd6 17. Qxd6 Qxd6 18. exd6 Bd5 19. c4 Bc6 20. a5 Rfb8 21. Bd2 b5 22. cxb5 axb5 23. b4 c4 24. Bc3 Ra6 25. Rad1 f6 26. f3 exf3 27. gxf3 Bd5 28. f4 g6 0-1

[Event "Sitges op 43rd"]
[Site "Sitges"]
[Date "2017.07.26"]
[Round "5"]
[White "Meza Ponce, Jerry"]
[Black "Lorenzo de la Riva, Lazaro"]
[Result "1/2-1/2"]
[WhiteElo "2116"]
[BlackElo "2389"]
[PlyCount "130"]
[EventDate "2017.07.22"]
[EventType "swiss"]
[EventRounds "9"]
[EventCountry "ESP"]
[SourceTitle "CBM 179 Extra"]
[Source "ChessBase"]
[SourceDate "2017.08.23"]
[SourceVersion "1"]
[SourceVersionDate "2017.08.23"]
[SourceQuality "1"]

1. d4 Nf6 2. Bf4 d5 3. Nf3 c5 4. e3 Nc6 5. c3 Qb6 6. Qc1 Nh5 7. Bg3 Nxg3 8. hxg3 Bf5 9. dxc5 Qxc5 10. Nbd2 e5 11. a4 Be7 12. b4 Qd6 13. Qb2 e4 14. Nd4 Nxd4 15. exd4 0-0 16. Be2 Rac8 17. 0-0 Bg6 18. Rae1 h5 19. Bd1 h4 20. gxh4 Bxh4 21. c4 dxc4 22. Nxe4 Qd5 23. Bc2 Rfd8 24. Nc3 Qxd4 25. Bxg6 fxg6 26. Re4 Qf6 27. Qc2 Qf5 28. Rfe1 Bf6 29. Nd1 Qd5 30. Ne3 Qd3 31. Rxc4 Qxc2 32. Rxc2 Rxc2 33. Nxc2 Rd2 34. Re8+ Kh7 35. Rc8 Rd1+ 36. Kh2 Rc1 37. b5 a6 38. bxa6 bxa6 39. g3 Rb1 40. Kg2 Rb2 41. Kf3 g5 42. Rc6 a5 43. Ne3 Ra2 44. Nd5 Bd4 45. Rc4 Bxf2 46. Kg4 Rd2 47. Nc3 Rc2 48. Rc7 Bb6 49. Rb7 Rxc3 50. Rxb6 Rc5 51. Rb5 Rc4+ 52. Kxg5 Rxa4 53. g4 Ra1 54. Rb8 a4 55. Ra8 a3 56. Ra7 Ra2 57. Ra8 Ra1 58. Ra7 a2 59. Ra8 Rb1 60. Rxa2 Rb5+ 61. Kh4 Kh6 62. Ra6+ g6 63. Rc6 Ra5 64. Rb6 Rc5 65. Ra6 Rb5 1/2-1/2

[Event "Sitges op 43rd"]
[Site "Sitges"]
[Date "2017.07.22"]
[Round "1"]
[White "Meza Ponce, Jerry"]
[Black "Grigoryan, Karen H"]
[Result "0-1"]
[WhiteElo "2116"]
[BlackElo "2555"]
[PlyCount "96"]
[EventDate "2017.07.22"]
[EventType "swiss"]
[EventRounds "9"]
[EventCountry "ESP"]
[SourceTitle "CBM 179 Extra"]
[Source "ChessBase"]
[SourceDate "2017.08.23"]
[SourceVersion "1"]
[SourceVersionDate "2017.08.23"]
[SourceQuality "1"]

1. d4 Nf6 2. Bf4 c5 3. e3 cxd4 4. exd4 g6 5. Nf3 Bg7 6. c3 0-0 7. h3 d6 8. Be2 Qb6 9. Qb3 Qc7 10. 0-0 Nc6 11. a4 e5 12. Bh2 e4 13. Ne1 Na5 14. Qa3 Rd8 15. Nc2 Be6 16. Nd2 Qd7 17. b4 Nc6 18. c4 d5 19. c5 Ne8 20. Qc3 f5 21. b5 Ne7 22. Nb4 g5 23. c6 Qc8 24. Rac1 f4 25. Rfd1 Rd6 26. cxb7 Qxb7 27. Na6 Nf5 28. Nb3 Qf7 29. Nac5 e3 30. f3 Nf6 31. Nxe6 Rxe6 32. Qd3 Nh5 33. Rc6 Nhg3 34. Bxg3 Nxg3 35. Rdc1 Rxc6 36. Rxc6 Qe7 37. Rc5 Rd8 38. Nc1 Qf6 39. Nb3 Qg6 40. Rc1 Qd6 41. Bd1 Qb4 42. Kh2 Re8 43. Bc2 e2 44. Nc5 e1Q 45. Qxh7+ Kf8 46. Nd7+ Ke7 47. Qxg7+ Kd6 48. Nc5 Nf1+ 0-1

[Event "Barcelona Sant Marti op-A 19th"]
[Site "Barcelona"]
[Date "2017.07.17"]
[Round "5"]
[White "Meza Ponce, Jerry"]
[Black "Dhulipalla, Bala Chandra Prasad"]
[Result "0-1"]
[WhiteElo "2116"]
[BlackElo "2335"]
[PlyCount "148"]
[EventDate "2017.07.13"]
[EventType "swiss"]
[EventRounds "9"]
[EventCountry "ESP"]
[SourceTitle "EXT 2018"]
[Source "ChessBase"]
[SourceDate "2017.10.13"]
[SourceVersion "1"]
[SourceVersionDate "2017.10.13"]
[SourceQuality "1"]

1. e4 e5 2. Nf3 Nc6 3. Bb5 a6 4. Bxc6 dxc6 5. 0-0 Bg4 6. h3 h5 7. d3 Qf6 8. Nbd2 g5 9. b3 Qg7 10. Nc4 f6 11. hxg4 hxg4 12. Nxg5 Qh6 13. Nh3 Qg6 14. Ng5 Qh5 15. Nh3 Qg6 16. Ng5 Qh5 17. Nh3 Bc5 18. Be3 Bb4 19. f4 Bc3 20. fxe5 Bxa1 21. Rf5 Qh4 22. Bf2 Bd4 23. Bxd4 gxh3 24. exf6 0-0-0 25. Bf2 Qh7 26. g3 Nh6 27. Rf4 h2+ 28. Kh1 Nf7 29. Rh4 Qg6 30. Qg4+ Qxg4 31. Rxg4 Rh6 32. Rf4 Kd7 33. Ne3 Ke6 34. Ng4 Rh3 35. d4 b5 36. c4 bxc4 37. bxc4 Rb8 38. d5+ cxd5 39. cxd5+ Kd6 40. Nxh2 Rbh8 41. Rh4 R3xh4 42. gxh4 Ke5 43. Bg3+ Kxe4 44. Bxc7 Rxh4 45. d6 Kf5 46. Kg2 Ra4 47. Nf1 Kxf6 48. Kf3 Ke6 49. Ke3 Nxd6 50. Kd3 Rxa2 51. Nd2 Kd5 52. Nb1 Kc6 53. Bd8 Nb5 54. Nd2 Ra3+ 55. Kc2 Rc3+ 56. Kb2 Rd3 57. Ba5 Nd4 58. Bc3 Ne2 59. Bb4 Kb5 60. Kc2 Rd7 61. Bf8 Nd4+ 62. Kb2 Ne6 63. Bh6 Rh7 64. Be3 Rh3 65. Ba7 a5 66. Nb1 Kb4 67. Bb8 Rb3+ 68. Ka2 Rd3 69. Be5 Nc5 70. Bf4 Ne4 71. Bc1 Rg3 72. Ba3+ Ka4 73. Bc1 Rg2+ 74. Bb2 Kb4 0-1

[Event "Barcelona Sant Marti op-A 19th"]
[Site "Barcelona"]
[Date "2017.07.15"]
[Round "3"]
[White "Meza Ponce, Jerry"]
[Black "Serarols Mabras, Bernat"]
[Result "1-0"]
[WhiteElo "2116"]
[BlackElo "2308"]
[PlyCount "61"]
[EventDate "2017.07.13"]
[EventType "swiss"]
[EventRounds "9"]
[EventCountry "ESP"]
[SourceTitle "EXT 2018"]
[Source "ChessBase"]
[SourceDate "2017.10.13"]
[SourceVersion "1"]
[SourceVersionDate "2017.10.13"]
[SourceQuality "1"]

1. e4 c5 2. Nf3 Nc6 3. d3 g6 4. g3 Bg7 5. Bg2 d6 6. 0-0 Nf6 7. c3 0-0 8. a4 e5 9. Na3 d5 10. exd5 Nxd5 11. Nc4 h6 12. Qb3 Nde7 13. Be3 Be6 14. Bxc5 Qxd3 15. Bxe7 Nxe7 16. Qxb7 Qxc4 17. Qxe7 Rab8 18. Qxa7 Rxb2 19. Rfc1 Bd5 20. Qe3 Bxf3 21. Qxf3 Rd8 22. a5 f5 23. Bf1 Qc5 24. a6 Rdd2 25. Qe3 Qc6 26. a7 Qa8 27. Rd1 Rxd1 28. Rxd1 Kh7 29. Rd7 Qc6 30. Rc7 Qd5 31. c4 1-0

[Event "Barcelona Sant Marti op-A 19th"]
[Site "Barcelona"]
[Date "2017.07.13"]
[Round "1"]
[White "Meza Ponce, Jerry"]
[Black "Rizouk, Aimen"]
[Result "1-0"]
[WhiteElo "2116"]
[BlackElo "2472"]
[PlyCount "131"]
[EventDate "2017.07.13"]
[EventType "swiss"]
[EventRounds "9"]
[EventCountry "ESP"]
[SourceTitle "EXT 2018"]
[Source "ChessBase"]
[SourceDate "2017.10.13"]
[SourceVersion "1"]
[SourceVersionDate "2017.10.13"]
[SourceQuality "1"]

1. d4 Nf6 2. Bf4 e6 3. Nf3 c5 4. e3 Qb6 5. Na3 d5 6. Nb5 Na6 7. a4 Be7 8. h3 Ne4 9. c3 0-0 10. Qc2 Bd7 11. Ne5 Be8 12. Bd3 f5 13. 0-0 Qd8 14. b3 Bf6 15. Rfd1 Qe7 16. Rac1 Kh8 17. Qe2 Bh4 18. Bxe4 fxe4 19. c4 dxc4 20. dxc5 cxb3 21. Nd6 Bf6 22. c6 b2 23. Rc2 Bxc6 24. Nxc6 bxc6 25. Nxe4 Rfd8 26. Rb1 Nb4 27. Rc4 Nd3 28. Bg3 Qa3 29. Nxf6 Qa2 30. Qc2 gxf6 31. Bh4 Kg7 32. Rxc6 Rd7 33. Rc3 Rad8 34. Kh2 Qd5 35. Rc4 Qf5 36. Rxb2 Qe5+ 37. Rf4 Nxf4 38. exf4 Qxf4+ 39. Bg3 Qd2 40. Qb3 Qd5 41. Qa3 Rb7 42. Rc2 Qd3 43. Rc3 Qf1 44. Bc7 Rd7 45. Bf4 Rd1 46. Qc5 Qg1+ 47. Kg3 Qe1 48. Rf3 Qb4 49. Qc8 Qe7 50. a5 e5 51. Be3 Qd7 52. Qc5 Rd5 53. Qc3 Qc7 54. Qe1 Qxa5 55. Qc1 Qc7 56. Bh6+ Kg6 57. Qe3 Rb4 58. Kh2 Qb6 59. Rg3+ Kf7 60. Qf3 Ke6 61. Rg7 Rh4 62. Be3 Qd6 63. g3 e4 64. Qe2 Rdh5 65. Kg2 Rxh3 66. Qc4+ 1-0

[Event "Wch U20 52nd"]
[Site "Kocaeli"]
[Date "2013.09.26"]
[Round "13"]
[White "Vucic, Mihovil"]
[Black "Meza Ponce, Jerry"]
[Result "1/2-1/2"]
[WhiteElo "2063"]
[BlackElo "2019"]
[PlyCount "129"]
[EventDate "2013.09.13"]
[EventType "swiss"]
[EventRounds "13"]
[EventCountry "TUR"]
[SourceTitle "CBM 156 Extra"]
[Source "ChessBase"]
[SourceDate "2013.10.22"]
[SourceVersion "1"]
[SourceVersionDate "2013.10.22"]
[SourceQuality "1"]

1. e4 c5 2. Nf3 Nc6 3. c3 Nf6 4. e5 Nd5 5. d4 cxd4 6. cxd4 e6 7. Bc4 Nb6 8. Bd3 d6 9. 0-0 Be7 10. Nc3 d5 11. Re1 0-0 12. Bc2 f5 13. exf6 Bxf6 14. a3 Nc4 15. Bf4 g6 16. b3 Nd6 17. Ne5 Bxe5 18. Bxe5 Nxe5 19. Rxe5 Bd7 20. Qd2 Rc8 21. a4 Qf6 22. Re3 a6 23. h3 Qg5 24. Rae1 Rf7 25. Bb1 Rcf8 26. R1e2 Kg7 27. Nd1 Nc8 28. Nb2 Ne7 29. b4 Qh4 30. Rd3 Nf5 31. Kh2 Rc8 32. g3 Qe7 33. Rb3 Nd6 34. Rc3 Rff8 35. Rxc8 Rxc8 36. Qf4 Nf7 37. Nd3 b6 38. a5 Bb5 39. axb6 Bxd3 40. Bxd3 Rc6 41. Bxa6 Rxb6 42. b5 Qf6 43. Qe3 Nh6 44. Qc3 Qd8 45. Rc2 Nf5 46. Qe1 Qd6 47. Qe5+ Qxe5 48. dxe5 Nd4 49. Rc5 Nf3+ 50. Kg2 Nxe5 51. f4 Nc4 52. g4 Kf6 53. Kf3 h5 54. g5+ Ke7 55. Rc7+ Kf8 56. Ke2 Nd6 57. Rc5 Ke7 58. Kd3 Kd7 59. Kd4 Rb8 60. Ke3 Ne4 61. Rc2 Nd6 62. Rc5 Rb6 63. Kd4 Rb8 64. Ke3 Rb6 65. Kd4 1/2-1/2

[Event "Wch U20 52nd"]
[Site "Kocaeli"]
[Date "2013.09.25"]
[Round "12"]
[White "Meza Ponce, Jerry"]
[Black "Ferreira, Jorge Viterbo"]
[Result "1/2-1/2"]
[WhiteElo "2019"]
[BlackElo "2426"]
[PlyCount "82"]
[EventDate "2013.09.13"]
[EventType "swiss"]
[EventRounds "13"]
[EventCountry "TUR"]
[SourceTitle "CBM 156 Extra"]
[Source "ChessBase"]
[SourceDate "2013.10.22"]
[SourceVersion "1"]
[SourceVersionDate "2013.10.22"]
[SourceQuality "1"]

1. e4 c5 2. Nc3 Nc6 3. Nf3 g6 4. d4 cxd4 5. Nxd4 Bg7 6. Be3 Nf6 7. Bc4 0-0 8. Bb3 a5 9. a4 Ng4 10. Qxg4 Nxd4 11. Qd1 Nxb3 12. cxb3 Ra6 13. 0-0 Re6 14. Bd4 f6 15. Qd3 b6 16. Qb5 f5 17. Bxg7 Kxg7 18. Rfe1 Bb7 19. Rad1 Bc6 20. Qc4 f4 21. f3 Qb8 22. b4 axb4 23. Qxb4 Qe5 24. Qd4 Ra8 25. Re2 Qxd4+ 26. Rxd4 Re5 27. Rb4 Rc5 28. Rd2 Rb8 29. Kf2 d6 30. g3 fxg3+ 31. hxg3 Rb7 32. Nd5 Ra5 33. Rxb6 Bxd5 34. Rxd5 Rxb6 35. Rxa5 Rxb2+ 36. Ke3 Rb3+ 37. Ke2 h5 38. e5 dxe5 39. Rxe5 Kf6 40. Ra5 Ra3 41. Ra8 g5 1/2-1/2

[Event "Wch U20 52nd"]
[Site "Kocaeli"]
[Date "2013.09.22"]
[Round "9"]
[White "Meza Ponce, Jerry"]
[Black "Barros Rivadeneira, Cristhian"]
[Result "0-1"]
[WhiteElo "2019"]
[BlackElo "2238"]
[PlyCount "50"]
[EventDate "2013.09.13"]
[EventType "swiss"]
[EventRounds "13"]
[EventCountry "TUR"]
[SourceTitle "CBM 156 Extra"]
[Source "ChessBase"]
[SourceDate "2013.10.22"]
[SourceVersion "1"]
[SourceVersionDate "2013.10.22"]
[SourceQuality "1"]

1. c3 Nf6 2. g3 g6 3. Bg2 Bg7 4. Nf3 0-0 5. 0-0 d6 6. d3 c5 7. Na3 Nc6 8. e4 Rb8 9. Re1 Bg4 10. Nc4 b5 11. Ne3 Bxf3 12. Bxf3 b4 13. Qc2 Nd7 14. Bg2 Qb6 15. Nc4 Qa6 16. f4 bxc3 17. bxc3 Nb6 18. Nb2 Rfc8 19. h4 Qa3 20. Nd1 Qa5 21. Kh2 c4 22. Bd2 cxd3 23. Qxd3 Na4 24. Qf3 Nd4 25. Qd3 Nc5 0-1

[Event "Wch U20 52nd"]
[Site "Kocaeli"]
[Date "2013.09.21"]
[Round "8"]
[White "Sahin, Ozgun"]
[Black "Meza Ponce, Jerry"]
[Result "0-1"]
[WhiteElo "1857"]
[BlackElo "2019"]
[PlyCount "66"]
[EventDate "2013.09.13"]
[EventType "swiss"]
[EventRounds "13"]
[EventCountry "TUR"]
[SourceTitle "CBM 156 Extra"]
[Source "ChessBase"]
[SourceDate "2013.10.22"]
[SourceVersion "1"]
[SourceVersionDate "2013.10.22"]
[SourceQuality "1"]

1. e4 c5 2. Nf3 g6 3. c3 Bg7 4. d4 cxd4 5. cxd4 Nf6 6. Nc3 0-0 7. Bc4 Nxe4 8. Bxf7+ Rxf7 9. Nxe4 d5 10. Neg5 Rf8 11. Ne5 Nc6 12. h4 Nxe5 13. dxe5 Qa5+ 14. Bd2 Qb6 15. Be3 Qxb2 16. Bd4 Qb4+ 17. Kf1 h6 18. Nh3 Bf5 19. Kg1 Rfc8 20. Be3 e6 21. Rc1 h5 22. Nf4 Bxe5 23. g3 Rxc1 24. Qxc1 Qb2 25. Qd1 Qxa2 26. Bd4 Bxf4 27. gxf4 Qc2 28. Qe1 Qe4 29. Qc3 e5 30. Bxe5 Rc8 31. Qb2 Rc2 32. Qa1 Qf3 33. Rh2 Rd2 0-1

[Event "Wch U20 52nd"]
[Site "Kocaeli"]
[Date "2013.09.18"]
[Round "6"]
[White "Saiyn, Zhanat"]
[Black "Meza Ponce, Jerry"]
[Result "1-0"]
[WhiteElo "2337"]
[BlackElo "2019"]
[PlyCount "137"]
[EventDate "2013.09.13"]
[EventType "swiss"]
[EventRounds "13"]
[EventCountry "TUR"]
[SourceTitle "CBM 156 Extra"]
[Source "ChessBase"]
[SourceDate "2013.10.22"]
[SourceVersion "1"]
[SourceVersionDate "2013.10.22"]
[SourceQuality "1"]

1. d4 Nf6 2. c4 d6 3. Nc3 Nbd7 4. e4 e5 5. Nge2 a6 6. f3 Be7 7. Be3 c6 8. d5 cxd5 9. cxd5 b5 10. Ng3 Nb6 11. a4 bxa4 12. Nxa4 Nxa4 13. Qxa4+ Bd7 14. Qd1 Qb8 15. Qd2 Bb5 16. Bxb5+ Qxb5 17. Nf5 g6 18. Nxe7 Kxe7 19. Bg5 h6 20. Bxh6 Nd7 21. Ra5 Qc4 22. Be3 Rac8 23. Kf2 Nc5 24. Ra3 Nb3 25. Qc3 Nd4 26. Qxc4 Rxc4 27. Bxd4 Rc2+ 28. Kg3 exd4 29. Rxa6 Rb8 30. Ra2 Rb3 31. Rg1 Kf6 32. Kf4 g5+ 33. Kg4 Re3 34. Ra6 Ke5 35. Kxg5 Rc8 36. Kh6 d3 37. Kg7 d2 38. Raa1 f5 39. exf5 Kxf5 40. g4+ Kg5 41. f4+ Kxf4 42. Raf1+ Ke4 43. g5 Rh3 44. g6 Rxh2 45. Kf7 Kxd5 46. g7 Re2 47. g8Q Rxg8 48. Kxg8 Kc4 49. Kf7 Kb3 50. Rb1 d5 51. Kf6 d4 52. Kf5 Re8 53. Kf4 Re7 54. Kf3 Re3+ 55. Kf2 Re6 56. Rgd1 Kc2 57. b4 Rb6 58. Rh1 Rb5 59. Ke2 Re5+ 60. Kf3 Re8 61. b5 Kd3 62. Kf4 Ke2 63. b6 Rb8 64. b7 Kd3 65. Ke5 Re8+ 66. Kd6 Kc2 67. Kc7 Re7+ 68. Kb6 Re6+ 69. Ka7 1-0

[Event "Pan American-ch U20"]
[Site "Bogota"]
[Date "2013.07.15"]
[Round "9"]
[White "Meza Ponce, Jerry"]
[Black "Acosta Cubides, Jorian Jared"]
[Result "1-0"]
[WhiteElo "2019"]
[BlackElo "1971"]
[PlyCount "75"]
[EventDate "2013.07.10"]
[EventType "swiss"]
[EventRounds "9"]
[EventCountry "COL"]
[SourceTitle "CBM 155 Extra"]
[Source "ChessBase"]
[SourceDate "2013.08.26"]
[SourceVersion "1"]
[SourceVersionDate "2013.08.26"]
[SourceQuality "1"]

1. e4 c5 2. Nf3 d6 3. d3 Nc6 4. g3 g6 5. Bg2 Bg7 6. 0-0 e5 7. Nc3 Nge7 8. a3 0-0 9. Rb1 Be6 10. Nd2 d5 11. exd5 Nxd5 12. Nde4 Qe7 13. Bg5 Nxc3 14. Bxe7 Nxd1 15. Bxf8 Bxf8 16. Rfxd1 Be7 17. b4 cxb4 18. axb4 Nd4 19. c3 Nb5 20. c4 Nd4 21. h3 Rb8 22. Kh2 b6 23. Nc3 a6 24. Nd5 Bd6 25. Ra1 Bxd5 26. Bxd5 Bxb4 27. Rxa6 Nf5 28. Rda1 Ne7 29. Ra8 Rxa8 30. Rxa8+ Kg7 31. Kg2 Nxd5 32. cxd5 Kf6 33. Ra7 Bc5 34. Rb7 Kg7 35. Kf3 Kf8 36. g4 h6 37. Ke4 Bxf2 38. d6 1-0